000 00928nam a22002417a 4500
999 _c12349
_d12349
003 AR-CdUCM
008 190408b ||||| |||| 00| 0 spa d
040 _aMUNICIPALIDAD PROVINCIAL DEL CUSCO
_cBIBLIOTECA MUNICIPAL DEL CUSCO
082 _aC / 985.01 /
_bV161
100 _aValenzuela Lovón, Armando
_91192
245 _aLa civilización andina :
_bNuevo enfoque científico, filosófico y tecnológico /
260 _aCusco :
_bJ.L.,
_c2006.
300 _a565 páginas ;
_bFotografías, ilustraciones,
_c21 cm.
505 _aContenido: Visión general de la filosofía occidental e inka -- La sociedad y la política inka -- La ciencia en el mundo andino ...
650 _aCulturas pre-colombianas
_930168
650 _aHistoria
_9136
650 _aPerú
_935
650 _aÉpoca prehispánica
_92714
650 _aQuechua
_92063
650 _aFilosofía Inka
_930169
942 _2ddc
_cLIBROS
945 _acmm
_d2019-04-08